• 首页
  • 本馆介绍
  • 公告通知
  • 最新文献
  • 馆藏检索
  • 电子资源
  • 读者导购
  • 参考咨询
  • 我的图书馆
  • 登录
  • 详细信息显示
  • 放入我的书架
  • 预约/预借图书
  • 作者相关作品
  • 分类相关作品
  • 丛书相关作品
  • 出版社相关作品

书目信息

  • 表格格式
  • 工作单格式
  • 卡片格式
题名:
新四军抗战纪实
    
 
作者: 郑云华 , 舒健 著
分册:  
出版信息: 北京   人民出版社  2005
页数: 884页
开本: 21cm
丛书名: 抗日战争历史纪实丛书
单 册:
中图分类: K265.106
科图分类:
主题词: 新四军--抗日战争--史料
电子资源:
ISBN: 7-01-005094-5
000 01000nam0 2200253 450
001 TS2006029260
005 20070119105345.01
010    @a7-01-005094-5@dCNY62.00
100    @a20060829d2005 em y0chiy0120 ea
101 0  @achi
102    @aCN@b110000
105    @aabh z 000yy
200 1  @a新四军抗战纪实@AXin Si Jun Kang Zhan Ji Shi@f郑云华, 舒健著@FZheng Yun Hua , Shu Jian Zhu
210    @a北京@c人民出版社@d2005
215    @a884页@c[20] 页图版,图, 地图, 摹真@d21cm
225 2  @a抗日战争历史纪实丛书
330    @a本书是解放军国防大学原副校长侯树栋中将、解放军国防大学战略教研部主任范震江少将主编的《抗日战争历史纪实丛书》的一种,由解放军国防大学战略教研部郑云华、舒健教授著,全景式地展现了新四军、华南抗日纵队在中国共产党领导下英勇抗战的历史。
410  0 @12001 @a抗日战争历史纪实丛书
606 0  @a新四军@x抗日战争@x史料
690    @aK265.106@v4
701  0 @a郑云华@AZheng Yun Hua@4著
701  0 @a舒健@AShu Jian@4著
801  0 @aCN@b中图数据@c20070119
905    @a10447@dK265.106@e88
    
    新四军抗战纪实/郑云华, 舒健著.-北京:人民出版社,2005
    884页:[20] 页图版,图, 地图, 摹真;21cm.-(抗日战争历史纪实丛书)
    
    
    ISBN 7-01-005094-5:CNY62.00
    本书是解放军国防大学原副校长侯树栋中将、解放军国防大学战略教研部主任范震江少将主编的《抗日战争历史纪实丛书》的一种,由解放军国防大学战略教研部郑云华、舒健教授著,全景式地展现了新四军、华南抗日纵队在中国共产党领导下英勇抗战的历史。
●
相关链接 在E读中查询图书 在五车中查询图书 在当当中查询图书 在豆瓣中查询图书


正题名:新四军抗战纪实     索取号:K265.106/88         预约/预借

序号 登录号 条形码 馆藏地/架位号 状态 备注
1 0608687   206086876   第二样本阅览室/ [索取号:K265.106/88] 在馆    
2 0608688   206086885   第二借阅区/ [索取号:K265.106/88] 在馆    
3 0608690   206086901   第二借阅区/ [索取号:K265.106/88] 在馆    
唐山师范学院图书馆 欢迎您!
大连网信软件有限公司© 版权所有